| Tag |
First Indicator |
Second Indicator |
Subfields |
| LEADER |
00000cam a2200000 a 4500 |
| 001 |
in00000084229 |
| 005 |
20151222090958.0 |
| 008 |
810505s1980 njuaf b 00010 eng d |
| 035 |
|
|
|a (OCoLC)07391919
|
| 035 |
|
|
|9 AAJ4200AM
|
| 040 |
|
|
|a XBM
|c XBM
|d TXA
|d UtOrBLW
|
| 049 |
|
|
|a TXAM
|c [801014]
|
| 090 |
|
|
|a QC981
|b .C4 v.33, no.1
|
| 100 |
1 |
|
|a Terjung, Werner Heinrich,
|d 1931-
|
| 245 |
1 |
0 |
|a Energy exchanges in urban landscapes :
|b selected climatic models /
|c by Werner H. Terjung and Patricia A. O'Rourke.
|
| 264 |
|
1 |
|a Elmer, N.J. :
|b C.W. Thornthwaite Associates, Laboratory of Climatology,
|c 1980.
|
| 300 |
|
|
|a vi, 187 pages, 31 unnumbered leaves of plates :
|b illustrations ;
|c 28 cm.
|
| 336 |
|
|
|a text
|b txt
|2 rdacontent
|
| 337 |
|
|
|a unmediated
|b n
|2 rdamedia
|
| 338 |
|
|
|a volume
|b nc
|2 rdacarrier
|
| 490 |
1 |
|
|a Publications in climatology ;
|v v. 33, no. 1
|
| 504 |
|
|
|a Bibliography: pages 165-166.
|
| 650 |
|
0 |
|a Urban climatology
|x Simulation methods.
|
| 700 |
1 |
|
|a O'Rourke, Patricia A.
|
| 710 |
2 |
|
|a Laboratory of Climatology.
|
| 830 |
|
0 |
|a Publications in climatology (Seabrook, N.J.)
|v v. 33, no. 1.
|
| 999 |
|
|
|a MARS
|
| 999 |
f |
f |
|s 48a76ddc-0744-3920-9397-49f5c1391299
|i 938dd4aa-cec2-33a8-b289-08e1e6a63183
|t 0
|
| 952 |
f |
f |
|p ric
|a Texas A&M University
|b Rellis Campus
|c Joint Library Facility
|d Remote Storage
|t 0
|e QC981 .C4 v.33, no.1
|h Library of Congress classification
|i unmediated -- volume
|m A14806210155
|
| 998 |
f |
f |
|a QC981 .C4 v.33, no.1
|t 0
|l Remote Storage
|